Cargando...
Sahityashrista Nirala/
| Autor principal: | |
|---|---|
| Formato: | Printed Book |
| Publicado: |
Delhi:
Arunodhay Prakashan,
1991.
|
| LEADER | 00352nam a22001097a 4500 | ||
|---|---|---|---|
| 100 | |a Rajkumar Saini | ||
| 245 | |a Sahityashrista Nirala/ |c Rajkumar Saini | ||
| 260 | |a Delhi: |b Arunodhay Prakashan, |c 1991. | ||
| 300 | |a 176p. | ||
| 942 | |2 ddc |c BK | ||
| 999 | |c 243937 |d 243937 | ||
| 952 | |0 0 |1 0 |4 0 |7 0 |9 270601 |a HIN |b HIN |c S-18 |d 2012-05-08 |i 14809 |l 0 |p HIN14809 |r 2014-02-07 |w 2014-02-07 |y BK | ||